[Event "Interclubs Adultes"]
[Site "TOURS"]
[Date "2008.03.10"]
[Round "7.8"]
[White "Marchadour, Emilie"]
[Black "Boulan, Laura"]
[Result "1/2-1/2"]
[WhiteElo "2121"]
[BlackElo "1894"]
[PlyCount "131"]
[EventDate "2008.03.10"]
[WhiteTeam "Clichy II"]
[BlackTeam "Migné-Auxances"]

1. e4 e5 2. Nf3 d6 3. d4 exd4 4. Nxd4 Nf6 5. Nc3 Be7 6. Bd3 O-O 7. O-O Re8 8.
f4 Bf8 9. Nf3 Nbd7 10. Be3 c6 11. e5 h6 12. Bf2 dxe5 13. fxe5 Ng4 14. e6 Rxe6
15. Nd4 Nxf2 16. Nxe6 fxe6 17. Rxf2 Bc5 18. Ne4 Bxf2+ 19. Nxf2 Qb6 20. Qe2 Nf6
21. Kh1 Bd7 22. b3 Rf8 23. Ne4 Nxe4 24. Qxe4 Rf6 25. Qh7+ Kf7 26. Rd1 Be8 27.
Be2 Qa5 28. a4 Qf5 29. Qh8 Qe5 30. Bf3 Rf5 31. Rf1 Rf6 32. h3 Qg5 33. Rd1 Ke7
34. Qh7 Qg6 35. Qxg6 Bxg6 36. Rd2 Bf7 37. Kg1 g5 38. Kf2 Bg6 39. Ke3 e5 40. Be4
Bxe4 41. Kxe4 Rd6 42. Rf2 Rf6 43. Rd2 Ke6 44. Rd8 Rf2 45. Rh8 Re2+ 46. Kd3 Rxg2
47. Rxh6+ Kf5 48. Rh8 Rg3+ 49. Ke2 e4 50. h4 Rg2+ 51. Kd1 gxh4 52. Rxh4 e3 53.
Rh8 Ke4 54. Re8+ Kf3 55. Rf8+ Ke4 56. Re8+ Kd4 57. Rd8+ Kc3 58. Rd3+ Kb2 59.
Rxe3 Rxc2 60. Re7 Rc1+ 61. Kd2 Rc2+ 62. Kd1 b6 63. Rxa7 Kxb3 64. Rb7 Rc5 65. a5
Rxa5 66. Rxb6+ 1/2-1/2

[Event "Interclubs Adultes"]
[Site "TOURS"]
[Date "2008.03.10"]
[Round "7.1"]
[White "Le Roux, Jean-Pierre"]
[Black "Komarov, Dimitri"]
[Result "1/2-1/2"]
[WhiteElo "2491"]
[BlackElo "2532"]
[PlyCount "46"]
[EventDate "2008.03.10"]
[WhiteTeam "Guingamp"]
[BlackTeam "Drancy"]

1. d4 d5 2. Nf3 c6 3. c4 Nf6 4. e3 Bf5 5. Nc3 e6 6. Nh4 Bg6 7. Nxg6 hxg6 8. a3
Nbd7 9. g3 dxc4 10. Bxc4 Be7 11. O-O O-O 12. Re1 c5 13. dxc5 Nxc5 14. Qe2 Nfe4
15. Nb5 a6 16. Nd4 Rc8 17. Ba2 Bf6 18. Rd1 Qb6 19. Qg4 Rcd8 20. Rf1 Nd6 21. Rb1
Nf5 22. Nf3 Nb3 23. Qc4 Nxc1 1/2-1/2

[Event "Interclubs Adultes"]
[Site "TOURS"]
[Date "2008.03.10"]
[Round "7.2"]
[White "Todorov, Todor"]
[Black "Dumitrache, Dragos-Nicolae"]
[Result "1/2-1/2"]
[WhiteElo "2508"]
[BlackElo "2495"]
[PlyCount "23"]
[EventDate "2008.03.10"]
[WhiteTeam "Drancy"]
[BlackTeam "Guingamp"]

1. e4 c5 2. Nf3 e6 3. b3 b6 4. d4 cxd4 5. Nxd4 Bb7 6. Nb5 Nf6 7. N1c3 Bb4 8. a3
Bxc3+ 9. Nxc3 O-O 10. Bb2 d5 11. exd5 exd5 12. Qd2 1/2-1/2

[Event "Interclubs Adultes"]
[Site "TOURS"]
[Date "2008.03.10"]
[Round "7.3"]
[White "Alanic, Xavier"]
[Black "Legky, Nikolay A"]
[Result "1/2-1/2"]
[WhiteElo "2284"]
[BlackElo "2479"]
[PlyCount "163"]
[EventDate "2008.03.10"]
[WhiteTeam "Guingamp"]
[BlackTeam "Drancy"]

1. c4 e6 2. Nf3 d5 3. d4 Nf6 4. Nc3 h6 5. a3 c6 6. cxd5 exd5 7. Qc2 Bd6 8. e3
O-O 9. Bd3 Re8 10. h3 Nbd7 11. O-O Qe7 12. Nd2 Nf8 13. e4 Ne6 14. e5 Nxd4 15.
exd6 Nxc2 16. dxe7 Nxa1 17. b4 Ne4 18. Ndxe4 dxe4 19. Bxe4 Be6 20. Be3 Nb3 21.
Rb1 a5 22. b5 Rxe7 23. bxc6 bxc6 24. Bxc6 Rd8 25. Ba4 Rb7 26. Kh2 Rc8 27. Ne4
Nc5 28. Rxb7 Nxb7 29. Bb5 Bd5 30. Ng3 Nd6 31. Be2 Be6 32. a4 Nc4 33. Bd4 Bd7
34. Bc3 Bxa4 35. Bxc4 Rxc4 36. Bxa5 Bb5 37. Bb6 Rc6 38. Bd4 Bd3 39. Nh5 f6 40.
Nf4 Bc2 41. h4 Rc4 42. Be3 g6 43. Kg3 Kf7 44. Ne2 Bd1 45. Nd4 Ke7 46. f3 Kd6
47. h5 gxh5 48. Nf5+ Ke6 49. Ng7+ Kf7 50. Nxh5 Ke6 51. Nf4+ Kf5 52. Nd5 Ke5 53.
Ne7 Ke6 54. Ng6 Bc2 55. Nh4 h5 56. Bf4 Bh7 57. Bb8 Rc8 58. Bf4 Rg8+ 59. Kf2 Kd5
60. Bc1 Rc8 61. Bf4 Kd4 62. Kg3 Kd3 63. Bd6 Ke3 64. Bf4+ Ke2 65. Bd6 Rc6 66.
Bb8 Rc4 67. Bd6 Ke3 68. Bb8 Rb4 69. Ba7+ Ke2 70. Bc5 Ra4 71. Be7 Ra6 72. Bd8
Rc6 73. Be7 Ke3 74. Bd8 Re6 75. Bc7 Ke2 76. Bb8 Rc6 77. Bf4 Rc4 78. Bd6 Ke3 79.
Bb8 Ra4 80. Bc7 Rb4 81. Bd6 Rc4 82. Bb8 1/2-1/2

[Event "Interclubs Adultes"]
[Site "TOURS"]
[Date "2008.03.10"]
[Round "7.4"]
[White "Berthelot, Yannick"]
[Black "Terrieux, Kevin"]
[Result "0-1"]
[WhiteElo "2317"]
[BlackElo "2363"]
[PlyCount "50"]
[EventDate "2008.03.10"]
[WhiteTeam "Drancy"]
[BlackTeam "Guingamp"]

1. e4 c5 2. Nf3 e6 3. d4 cxd4 4. Nxd4 a6 5. Bd3 Bc5 6. Be3 d6 7. Nc3 Ne7 8. Qd2
Nd7 9. O-O-O b5 10. Nb3 Bxe3 11. Qxe3 O-O 12. Qd4 Nb6 13. Be2 d5 14. Bf3 Bb7
15. Na5 Rb8 16. Nxb7 Rxb7 17. exd5 Rd7 18. d6 Nf5 19. Qb4 Nc4 20. Bc6 Rxd6 21.
Rxd6 Nfxd6 22. Ne4 Nxe4 23. Bxe4 Qd4 24. Bf3 Qf4+ 25. Kb1 Nd2+ 0-1

[Event "Interclubs Adultes"]
[Site "TOURS"]
[Date "2008.03.10"]
[Round "7.6"]
[White "Salaun, Yann"]
[Black "Capitaine, Adrien"]
[Result "0-1"]
[WhiteElo "2317"]
[BlackElo "2138"]
[PlyCount "96"]
[EventDate "2008.03.10"]
[WhiteTeam "Drancy"]
[BlackTeam "Guingamp"]

1. d4 f5 2. Nh3 Nf6 3. g3 d6 4. d5 c6 5. c4 e5 6. dxe6 Bxe6 7. Nd2 d5 8. Nf4
Bf7 9. Qc2 g6 10. Bg2 Na6 11. O-O Bg7 12. Nf3 O-O 13. Be3 Qc7 14. Ng5 Rfe8 15.
Nxf7 Qxf7 16. cxd5 Nb4 17. Qb3 Nbxd5 18. Nxd5 Nxd5 19. Bxd5 cxd5 20. Rfd1 d4
21. Bxd4 Qxb3 22. axb3 Bxd4 23. Rxd4 Rxe2 24. Rd7 b6 25. Rc1 Rxb2 26. Rcc7 Rxb3
27. Rg7+ Kf8 28. Rxh7 Kg8 29. Rcg7+ Kf8 30. Kg2 a5 31. Kh3 Rb4 32. Rf7+ Kg8 33.
f4 Rb2 34. Rb7 Kf8 35. Rhf7+ Kg8 36. Rg7+ Kh8 37. Rxg6 b5 38. Rh6+ Kg8 39. Rg6+
Kh8 40. Rf6 a4 41. Rxf5 a3 42. Rh5+ Kg8 43. Rg5+ Kh8 44. f5 Rf2 45. Rxb5 a2 46.
Rb4 Ra7 47. f6 a1=Q 48. Rh5+ Kg8 0-1

[Event "Interclubs Adultes"]
[Site "TOURS"]
[Date "2008.03.10"]
[Round "7.7"]
[White "Bodenez, Vincent"]
[Black "Giffard, Nicolas"]
[Result "1-0"]
[WhiteElo "2175"]
[BlackElo "2389"]
[PlyCount "79"]
[EventDate "2008.03.10"]
[WhiteTeam "Guingamp"]
[BlackTeam "Drancy"]

1. e4 c6 2. d4 d5 3. f3 dxe4 4. fxe4 e5 5. Nf3 Be6 6. c3 Nf6 7. Bd3 Nbd7 8. O-O
Bd6 9. Nbd2 O-O 10. Qe1 Qe7 11. Qh4 Rae8 12. h3 Bc7 13. b3 h6 14. Bb2 Kh8 15.
Rae1 Qd8 16. Ba3 Rg8 17. Nc4 exd4 18. cxd4 Nf8 19. e5 Nd5 20. Nd6 Bxd6 21. Bxd6
Qxh4 22. Nxh4 g6 23. Nf3 Nd7 24. b4 N7b6 25. b5 cxb5 26. Bxb5 Rc8 27. Bc5 Nc3
28. Bd3 Nbd5 29. Rf2 b6 30. Bd6 b5 31. Nd2 Nb6 32. Nb3 Nba4 33. Nc5 Bxa2 34. e6
f5 35. g4 Bc4 36. Bc2 Nb6 37. gxf5 gxf5+ 38. Kh2 Rg5 39. h4 Rg4 40. Rxf5 1-0

[Event "Interclubs Adultes"]
[Site "TOURS"]
[Date "2008.03.10"]
[Round "7.8"]
[White "Lefevre, Margaux"]
[Black "Le Diouron, Aurelie"]
[Result "0-1"]
[WhiteElo "1954"]
[BlackElo "2028"]
[PlyCount "42"]
[EventDate "2008.03.10"]
[WhiteTeam "Drancy"]
[BlackTeam "Guingamp"]

1. e4 e5 2. Nf3 Nc6 3. d4 exd4 4. Nxd4 Bc5 5. Be3 Qf6 6. c3 Nge7 7. g3 d5 8.
Bg2 dxe4 9. O-O Nxd4 10. cxd4 Bb6 11. Nc3 O-O 12. Nxe4 Qg6 13. Nc5 c6 14. Qb3
Rd8 15. Rad1 Nd5 16. Rfe1 Bf5 17. Rc1 Rab8 18. Bxd5 Rxd5 19. Bf4 Rf8 20. Nxb7
Rxd4 21. Qc3 Rxf4 0-1

[Event "Interclubs Adultes"]
[Site "TOURS"]
[Date "2008.03.10"]
[Round "7.1"]
[White "Dieu, Bruno"]
[Black "Colin, Vincent"]
[Result "1/2-1/2"]
[WhiteElo "2253"]
[BlackElo "2396"]
[PlyCount "40"]
[EventDate "2008.03.10"]
[WhiteTeam "Tours"]
[BlackTeam "Deauville"]

1. d4 Nf6 2. c4 e6 3. Nf3 d5 4. Nc3 dxc4 5. e3 a6 6. a4 b6 7. Bxc4 Bb7 8. O-O
Bb4 9. Qb3 Qe7 10. Ne5 O-O 11. f3 c5 12. Na2 Ba5 13. dxc5 Qxc5 14. Nd3 Qc7 15.
e4 b5 16. axb5 axb5 17. Bxb5 Qb6+ 18. Nf2 Ba6 19. Nc3 Nc6 20. Qc4 Ne5 1/2-1/2

[Event "Interclubs Adultes"]
[Site "TOURS"]
[Date "2008.03.10"]
[Round "7.2"]
[White "Greet, Andrew N"]
[Black "Maleki, Manuel"]
[Result "1-0"]
[WhiteElo "2444"]
[BlackElo "2186"]
[PlyCount "85"]
[EventDate "2008.03.10"]
[WhiteTeam "Deauville"]
[BlackTeam "Tours"]

1. e4 e6 2. d4 d5 3. Nc3 Nf6 4. e5 Nfd7 5. f4 c5 6. Nf3 Nc6 7. Be3 a6 8. Qd2 b5
9. a3 g5 10. fxg5 cxd4 11. Nxd4 Ncxe5 12. Nf3 Bg7 13. Bd4 Qc7 14. Be2 Nxf3+ 15.
Bxf3 Bxd4 16. Qxd4 Qe5+ 17. Qxe5 Nxe5 18. O-O Nxf3+ 19. Rxf3 Bb7 20. Raf1 f5
21. Ne2 Kd7 22. Nd4 Rag8 23. Re1 Rxg5 24. Nxe6 Rg6 25. Nd4 Rg4 26. Nxf5 Re4 27.
Rxe4 dxe4 28. Rf4 Ke6 29. Kf2 Ke5 30. Ke3 Rf8 31. g4 h5 32. h3 hxg4 33. hxg4
Rh8 34. Ng3 Rh3 35. Rf5+ Ke6 36. Kf4 Rh2 37. Re5+ Kf7 38. Rc5 Rf2+ 39. Ke5 Kg6
40. Rc7 e3 41. Nf5 Rxf5+ 42. gxf5+ Kh6 43. Kf4 1-0

[Event "Interclubs Adultes"]
[Site "TOURS"]
[Date "2008.03.10"]
[Round "7.3"]
[White "Carvallo, Henri"]
[Black "Tirard, Hugo"]
[Result "0-1"]
[WhiteElo "2154"]
[BlackElo "2490"]
[PlyCount "122"]
[EventDate "2008.03.10"]
[WhiteTeam "Tours"]
[BlackTeam "Deauville"]

1. d4 Nf6 2. Nf3 g6 3. Bf4 Bg7 4. e3 O-O 5. Be2 d6 6. h3 Nc6 7. O-O Nd7 8. Bh2
e5 9. c4 exd4 10. exd4 Qf6 11. Nc3 Nxd4 12. Nxd4 Qxd4 13. Nd5 c6 14. Ne7+ Kh8
15. Qxd4 Bxd4 16. Bxd6 Re8 17. Bf3 Nb6 18. Rac1 Be6 19. c5 Nd7 20. b4 Bf6 21.
Nxc6 bxc6 22. Bxc6 Rac8 23. Bb7 Bxa2 24. Bxc8 Rxc8 25. Rcd1 Bb3 26. Rd3 Be6 27.
Rfd1 a6 28. Bg3 Nb8 29. Bxb8 Rxb8 30. Rd6 Rxb4 31. Rxa6 Rc4 32. c6 Kg7 33. Rb1
Bd5 34. Rd1 Bxc6 35. Kf1 Bb5 36. Rad6 h5 37. Kg1 h4 38. Rb1 Bc6 39. Rd2 Rc5 40.
f3 Bg5 41. Ra2 Kh6 42. Kf2 Bf4 43. Rbb2 Bg3+ 44. Ke3 Re5+ 45. Kd4 Kg5 46. Re2
Rd5+ 47. Ke4 Rf5+ 48. Kd4 Bc7 49. Rab2 Bb5 50. Re4 Bb6+ 51. Kc3 Rd5 52. Rg4+
Kh5 53. Kc2 Bd3+ 54. Kc3 Ba5+ 55. Kb3 Bf5 56. Rc4 Be6 57. Ka4 Bd7+ 58. Kb3 Rd3+
59. Kc2 Bf5 60. Kc1 Re3 61. Rc5 Re1# 0-1

[Event "Interclubs Adultes"]
[Site "TOURS"]
[Date "2008.03.10"]
[Round "7.4"]
[White "Geenen, Marc"]
[Black "Loiret, Stanislas"]
[Result "0-1"]
[WhiteElo "2310"]
[BlackElo "2242"]
[PlyCount "102"]
[EventDate "2008.03.10"]
[WhiteTeam "Deauville"]
[BlackTeam "Tours"]

1. e4 e5 2. Nf3 Nc6 3. d4 exd4 4. Bc4 Bc5 5. c3 Qf6 6. e5 Qg6 7. cxd4 Qe4+ 8.
Be3 d5 9. Nbd2 Bb4 10. O-O Qg4 11. Bxd5 Nge7 12. Bxc6+ bxc6 13. Qa4 Bxd2 14.
Bxd2 Be6 15. Ng5 Bd5 16. f3 Qf5 17. e6 fxe6 18. Rae1 O-O 19. Ne4 Ng6 20. Qa5
Nf4 21. Bxf4 Qxf4 22. g3 Qf7 23. f4 Rab8 24. Rf2 e5 25. Ng5 Qg6 26. Rxe5 h6 27.
Rxd5 cxd5 28. Qxd5+ Kh8 29. Ne6 Rf7 30. f5 Qh5 31. b3 c6 32. Qd6 Rc8 33. Nf4
Qd1+ 34. Rf1 Qd2 35. Ng6+ Kh7 36. Ne7 Rf6 37. Qd7 Rcf8 38. Nxc6 Qe3+ 39. Kg2
Qe4+ 40. Kh3 Rxc6 41. Rf4 Qe8 42. Qxe8 Rxe8 43. d5 Rd6 44. Ra4 a6 45. Kg4 Re5
46. Kf4 Rexd5 47. Ke4 h5 48. h3 Rb5 49. Kf4 a5 50. Kg5 Rh6 51. Kf4 Rf6 0-1

[Event "Interclubs Adultes"]
[Site "TOURS"]
[Date "2008.03.10"]
[Round "7.5"]
[White "Wenzel, Johannes"]
[Black "Sandalakis, Angelos"]
[Result "0-1"]
[WhiteElo "2144"]
[BlackElo "2363"]
[PlyCount "70"]
[EventDate "2008.03.10"]
[WhiteTeam "Tours"]
[BlackTeam "Deauville"]

1. Nf3 c5 2. g3 Nf6 3. Bg2 e6 4. O-O d5 5. d3 Be7 6. Nbd2 Nc6 7. e4 O-O 8. Re1
Qc7 9. c3 b6 10. a3 Ba6 11. e5 Nd7 12. d4 cxd4 13. cxd4 Na5 14. Re3 Rac8 15. b4
Nc4 16. Rc3 Qb7 17. Nxc4 Bxc4 18. Bg5 Bxg5 19. Nxg5 h6 20. Qc2 hxg5 21. Rxc4
Rxc4 22. Qxc4 Rc8 23. Qb3 Qc6 24. Bf1 Nf8 25. a4 Ng6 26. b5 Qc7 27. Qe3 Ne7 28.
Bd3 Kf8 29. Qxg5 Qc3 30. Rd1 Qxd4 31. Qh5 Qxa4 32. Re1 Ng8 33. Qh8 g6 34. Qh7
Qg4 35. h3 Qg5 0-1

[Event "Interclubs Adultes"]
[Site "TOURS"]
[Date "2008.03.10"]
[Round "7.6"]
[White "Godard, Maxence"]
[Black "Legrand, Heloise"]
[Result "1-0"]
[WhiteElo "2332"]
[BlackElo "2012"]
[PlyCount "75"]
[EventDate "2008.03.10"]
[WhiteTeam "Deauville"]
[BlackTeam "Tours"]

1. c4 Nf6 2. Nf3 g6 3. Nc3 Bg7 4. e4 d6 5. d4 O-O 6. h3 c5 7. d5 a6 8. a4 e6 9.
Bd3 exd5 10. cxd5 Re8 11. O-O Nh5 12. Re1 Nd7 13. Be3 Ne5 14. Be2 Nxf3+ 15.
Bxf3 Nf6 16. Bf4 Qb6 17. a5 Qd8 18. Na4 Nd7 19. Bxd6 Qxa5 20. Qc2 Bd4 21. Red1
Qb4 22. Bf4 Qa5 23. g3 Qd8 24. Bg2 Qf6 25. Rf1 b5 26. Nc3 Nb6 27. Rae1 Nc4 28.
Kh1 Ne5 29. Ne2 g5 30. Bxe5 Bxe5 31. f4 gxf4 32. gxf4 Bd4 33. Nxd4 Qxd4 34. Rd1
Qb4 35. e5 Ra7 36. Rf3 Kh8 37. Qf2 Bf5 38. Qh4 1-0

[Event "Interclubs Adultes"]
[Site "TOURS"]
[Date "2008.03.10"]
[Round "7.7"]
[White "Devallee, Jeremie"]
[Black "Amoyal, Pierre"]
[Result "1-0"]
[WhiteElo "1967"]
[BlackElo "2208"]
[PlyCount "141"]
[EventDate "2008.03.10"]
[WhiteTeam "Tours"]
[BlackTeam "Deauville"]

1. e4 c5 2. Nc3 Nc6 3. f4 g6 4. Nf3 Bg7 5. Bc4 e6 6. O-O Nge7 7. e5 d5 8. exd6
Qxd6 9. Ne4 Qc7 10. c3 O-O 11. d3 Na5 12. Bb5 a6 13. Ba4 b5 14. Bc2 f5 15. Neg5
h6 16. Nh3 Bb7 17. Re1 Qd6 18. Qe2 Rf6 19. Be3 Nd5 20. Bd2 Nc6 21. a3 Re8 22.
Rad1 Rff8 23. Ne5 Nxe5 24. fxe5 Qc6 25. Qf2 g5 26. b3 f4 27. Re2 Ne7 28. Rf1
Nf5 29. d4 cxd4 30. Be4 Qd7 31. Bxb7 Qxb7 32. cxd4 Qd5 33. Bb4 Rf7 34. Bc5 Qxb3
35. Rc1 Qd5 36. Rd2 Rc8 37. Qf3 Qxf3 38. gxf3 Nh4 39. Rd3 Rfc7 40. Nf2 Nf5 41.
Rdc3 Rd7 42. Rd1 Ne3 43. Rdc1 Nd5 44. R3c2 Rdc7 45. Ne4 Bf8 46. h4 Ne3 47. Rh2
Rg7 48. hxg5 hxg5 49. Rh6 Rc6 50. Kf2 Be7 51. Rch1 Nf5 52. Rh8+ Kf7 53. Ra8 Ng3
54. Rc1 Nxe4+ 55. fxe4 g4 56. Ra7 Ke8 57. Rh1 Rxc5 58. Rh8+ Bf8 59. Rxg7 Rc2+
60. Ke1 g3 61. Rgg8 g2 62. Rxf8+ Ke7 63. Re8+ Kd7 64. Reg8 Ra2 65. d5 exd5 66.
exd5 Kc7 67. Rh7+ Kb6 68. Rf7 Kc5 69. d6 Ra1+ 70. Kf2 f3 71. Rxf3 1-0

[Event "Interclubs Adultes"]
[Site "TOURS"]
[Date "2008.03.10"]
[Round "7.8"]
[White "Fruteau, Sabine"]
[Black "Naigelblat, Maximilien"]
[Result "1-0"]
[WhiteElo "2162"]
[BlackElo "1794"]
[PlyCount "57"]
[EventDate "2008.03.10"]
[WhiteTeam "Deauville"]
[BlackTeam "Tours"]

1. e4 c5 2. Nf3 e6 3. d4 cxd4 4. Nxd4 Nc6 5. Nc3 Qc7 6. Be3 a6 7. Bd3 Nf6 8.
O-O Bb4 9. Nxc6 bxc6 10. Na4 Rb8 11. f4 d5 12. e5 Nd7 13. c4 dxc4 14. Bxc4 O-O
15. Re1 Rd8 16. Qc2 Bb7 17. Bd3 h6 18. a3 Ba5 19. b4 Bb6 20. Nxb6 Nxb6 21. Bc5
Nd5 22. Qe2 Ra8 23. h4 Rd7 24. Qe4 f5 25. exf6 Nxf6 26. Qxe6+ Kh8 27. Bg6 Rad8
28. Qe5 Qxe5 29. fxe5 1-0

[Event "Interclubs Adultes"]
[Site "TOURS"]
[Date "2008.03.10"]
[Round "7.1"]
[White "Petkov, Vladimir"]
[Black "Moradiabadi, Elshan"]
[Result "1/2-1/2"]
[WhiteElo "2434"]
[BlackElo "2506"]
[PlyCount "84"]
[EventDate "2008.03.10"]
[WhiteTeam "C.E. Nantes"]
[BlackTeam "Noisy le Grand"]

1. d4 d5 2. c4 c6 3. Nf3 Nf6 4. e3 Bf5 5. Nc3 e6 6. Nh4 Bg6 7. Qb3 Qc7 8. g3
Be7 9. Bg2 Nbd7 10. Nxg6 hxg6 11. Bd2 Nb6 12. cxd5 exd5 13. O-O Nc4 14. Be1 Nd6
15. f3 Qd7 16. Bf2 g5 17. g4 Nc4 18. Qc2 Bd6 19. h3 Qc7 20. b3 Nb6 21. Qf5 Nh7
22. Rac1 O-O 23. Qd3 Bg3 24. Bxg3 Qxg3 25. Ne2 Qd6 26. f4 Rfe8 27. Ng3 g6 28.
e4 gxf4 29. e5 Qa3 30. Ne2 Nf8 31. Nxf4 Ne6 32. Nxg6 Qb2 33. Rc3 Nxd4 34. Qxd4
fxg6 35. Rf6 Qb1+ 36. Kh2 Nd7 37. Rf1 Qb2 38. Rf2 Qa1 39. e6 Nf8 40. Rf1 Qb2
41. Rf2 Qa1 42. Rf1 Qb2 1/2-1/2

[Event "Interclubs Adultes"]
[Site "TOURS"]
[Date "2008.03.10"]
[Round "7.2"]
[White "Nguyen, Thanh-Tong"]
[Black "Marholev, Dimitar"]
[Result "0-1"]
[WhiteElo "2343"]
[BlackElo "2401"]
[PlyCount "128"]
[EventDate "2008.03.10"]
[WhiteTeam "Noisy le Grand"]
[BlackTeam "C.E. Nantes"]

1. d4 Nf6 2. c4 c5 3. d5 Ne4 4. f3 Qa5+ 5. Nd2 Nd6 6. e4 g6 7. Bd3 Bg7 8. Ne2
b5 9. cxb5 c4 10. Bc2 Qxb5 11. O-O Na6 12. f4 Bb7 13. Nf3 Nb4 14. Ned4 Qa6 15.
e5 Nb5 16. Nxb5 Qxb5 17. e6 Qxd5 18. exd7+ Qxd7 19. Qxd7+ Kxd7 20. Ba4+ Bc6 21.
Bxc6+ Nxc6 22. Nd2 c3 23. bxc3 Bxc3 24. Rb1 Bd4+ 25. Kh1 Rhb8 26. Nb3 Bf6 27.
Ba3 Ke8 28. Rbe1 Rb5 29. g4 h6 30. Nc5 Ra5 31. Ne4 Rxa3 32. Nxf6+ Kf8 33. Nd7+
Kg8 34. f5 Rd8 35. Nc5 Rd5 36. Ne4 Re5 37. fxg6 fxg6 38. Rc1 Rxe4 39. Rxc6 Kg7
40. Rf2 Rae3 41. Rc1 Rxg4 42. Rcf1 h5 43. Ra1 a5 44. Raf1 Kh6 45. Rf8 Re2 46.
R8f2 Rxf2 47. Rxf2 e5 48. h3 Rg3 49. Kh2 Re3 50. h4 Kg7 51. Kg2 Re4 52. Kg3
Rg4+ 53. Kh3 Rf4 54. Rc2 Kf6 55. Rc5 Rf3+ 56. Kg2 Ra3 57. Rc2 Kf5 58. Re2 e4
59. Rc2 Kf4 60. Rf2+ Rf3 61. Rc2 Rg3+ 62. Kh2 Rg4 63. Kh3 e3 64. Rc6 e2 0-1

[Event "Interclubs Adultes"]
[Site "TOURS"]
[Date "2008.03.10"]
[Round "7.3"]
[White "Grigorov, Grigor"]
[Black "Haik, Aldo"]
[Result "1-0"]
[WhiteElo "2463"]
[BlackElo "2384"]
[PlyCount "67"]
[EventDate "2008.03.10"]
[WhiteTeam "C.E. Nantes"]
[BlackTeam "Noisy le Grand"]

1. d4 f5 2. g3 Nf6 3. Bg2 g6 4. Nf3 Bg7 5. O-O O-O 6. Nbd2 d6 7. Re1 Nc6 8. e4
f4 9. d5 fxg3 10. dxc6 gxf2+ 11. Kxf2 bxc6 12. Kg1 Nh5 13. Nf1 Nf4 14. Bxf4
Rxf4 15. c3 Rb8 16. Qd2 Qf8 17. Nd4 Bd7 18. Ne3 Be5 19. Nc4 Qh6 20. Nxe5 dxe5
21. Nf3 Bh3 22. Re2 Rbf8 23. Nxe5 Qh5 24. Nd3 Rf3 25. Bxf3 Qxf3 26. Rf2 Qg4+
27. Rg2 Qxe4 28. Rg3 Bf5 29. Qe3 Qh4 30. Ne5 Qa4 31. b3 Qa3 32. Nxc6 Rf7 33.
Rf1 e5 34. Nxe5 1-0

[Event "Interclubs Adultes"]
[Site "TOURS"]
[Date "2008.03.10"]
[Round "7.4"]
[White "Onkoud, Abdelaziz"]
[Black "Delaunay, Sebastien"]
[Result "1/2-1/2"]
[WhiteElo "2396"]
[BlackElo "2355"]
[PlyCount "77"]
[EventDate "2008.03.10"]
[WhiteTeam "Noisy le Grand"]
[BlackTeam "C.E. Nantes"]

1. d4 d5 2. Nf3 Nf6 3. h3 c6 4. Bf4 g6 5. e3 Bg7 6. Bd3 Nbd7 7. Nbd2 O-O 8. O-O
c5 9. c3 b6 10. a4 Bb7 11. a5 Qc8 12. Qb1 c4 13. Bc2 b5 14. Ne5 Nxe5 15. Bxe5
Nd7 16. Bxg7 Kxg7 17. e4 dxe4 18. Bxe4 Nf6 19. Bxb7 Qxb7 20. a6 Qc6 21. Re1 e6
22. Ne4 Nxe4 23. Qxe4 Qxe4 24. Rxe4 Rab8 25. Re5 Rfc8 26. Ra5 b4 27. Rec5 Rxc5
28. dxc5 bxc3 29. bxc3 Rc8 30. f4 Kf6 31. Kf2 e5 32. Ke3 Ke6 33. Rb5 Rc6 34.
Rb6 exf4+ 35. Ke4 f5+ 36. Kxf4 Kd5 37. Rb7 Rxa6 38. Rxh7 Ra2 39. g4 1/2-1/2

[Event "Interclubs Adultes"]
[Site "TOURS"]
[Date "2008.03.10"]
[Round "7.5"]
[White "Crouan, Stephane"]
[Black "Battaglini, Gabriel"]
[Result "0-1"]
[WhiteElo "2206"]
[BlackElo "2329"]
[PlyCount "80"]
[EventDate "2008.03.10"]
[WhiteTeam "C.E. Nantes"]
[BlackTeam "Noisy le Grand"]

1. e4 e6 2. d4 d5 3. Nc3 Nf6 4. e5 Nfd7 5. Nce2 c5 6. c3 Nc6 7. f4 cxd4 8. cxd4
Bb4+ 9. Bd2 Qb6 10. Nf3 f6 11. Bxb4 Qxb4+ 12. Qd2 Qb6 13. g3 O-O 14. Bg2 a5 15.
O-O a4 16. Nc3 Qb4 17. a3 Qa5 18. Rae1 f5 19. Rf2 Nb6 20. Bf1 Ne7 21. Rg2 Nc4
22. Qc1 Bd7 23. Bd3 Rac8 24. Qb1 Nxa3 25. Qa1 Nc4 26. Bxc4 dxc4 27. Qa3 Nd5 28.
Qd6 Nb6 29. g4 Rc6 30. Qe7 Re8 31. Qg5 h6 32. Qh4 fxg4 33. Qxg4 Re7 34. Qh4 Kf8
35. Ng5 Nd5 36. Nce4 Qb6 37. Rd1 Qb3 38. Nh7+ Ke8 39. Qh5+ Kd8 40. Rc1 Nxf4 0-1

[Event "Interclubs Adultes"]
[Site "TOURS"]
[Date "2008.03.10"]
[Round "7.6"]
[White "Piot, Olivier"]
[Black "Grill, Marc"]
[Result "1/2-1/2"]
[WhiteElo "2234"]
[BlackElo "2152"]
[PlyCount "97"]
[EventDate "2008.03.10"]
[WhiteTeam "Noisy le Grand"]
[BlackTeam "C.E. Nantes"]

1. d4 Nf6 2. c4 e6 3. Nc3 Bb4 4. e3 b6 5. Nge2 Ba6 6. Ng3 Bxc3+ 7. bxc3 d5 8.
Ba3 Bxc4 9. Bxc4 dxc4 10. Qa4+ Qd7 11. Qxc4 Nc6 12. Qd3 Na5 13. Bb4 Nc6 14. O-O
Nxb4 15. cxb4 c5 16. bxc5 bxc5 17. Qa3 cxd4 18. Rfd1 Qe7 19. Qa4+ Qd7 20. Qb4
Qe7 21. Qb5+ Qd7 22. Qg5 O-O 23. Rxd4 Qc6 24. Rad1 Rab8 25. Qa5 Qb6 26. Qa3 h6
27. h3 Qb2 28. Qxb2 Rxb2 29. Ra4 Rb7 30. Rd6 Rc8 31. Rd2 Kf8 32. f3 Ke7 33. Kf2
Rc5 34. e4 a5 35. Ne2 e5 36. Ra3 Rb1 37. Rad3 Rb7 38. Ke3 Rbc7 39. Rd6 R5c6 40.
Rxc6 Rxc6 41. Rb2 Kd6 42. g3 Nd7 43. Rd2+ Ke6 44. f4 f6 45. Rb2 Kd6 46. g4
exf4+ 47. Kxf4 Ne5 48. Rd2+ Ke7 49. Kg3 1/2-1/2

[Event "Interclubs Adultes"]
[Site "TOURS"]
[Date "2008.03.10"]
[Round "7.7"]
[White "Rihouay, Clement"]
[Black "Rano, David"]
[Result "0-1"]
[WhiteElo "2186"]
[BlackElo "2171"]
[PlyCount "66"]
[EventDate "2008.03.10"]
[WhiteTeam "C.E. Nantes"]
[BlackTeam "Noisy le Grand"]

1. e4 e5 2. Nf3 Nc6 3. Bb5 a6 4. Ba4 Nf6 5. O-O Be7 6. Re1 b5 7. Bb3 O-O 8. h3
d6 9. c3 Bb7 10. d4 h6 11. Nbd2 Re8 12. Nf1 Bf8 13. Ng3 Qd7 14. a4 exd4 15.
cxd4 Nb4 16. d5 c5 17. Qd2 g6 18. Ra3 Bg7 19. Bd1 Qc7 20. h4 h5 21. Ng5 Rad8
22. Be2 bxa4 23. Rxa4 Bc8 24. Ra3 Ng4 25. Bf1 a5 26. Qd1 c4 27. Qa4 Qc5 28. Nh1
Bd7 29. Qd1 a4 30. Nf3 Bb5 31. Qd2 Rc8 32. Ng3 Nd3 33. Bxd3 cxd3 0-1

[Event "Interclubs Adultes"]
[Site "TOURS"]
[Date "2008.03.10"]
[Round "7.8"]
[White "Tatard, Marie"]
[Black "Marchadour, Claire"]
[Result "0-1"]
[WhiteElo "1922"]
[BlackElo "2053"]
[PlyCount "104"]
[EventDate "2008.03.10"]
[WhiteTeam "Noisy le Grand"]
[BlackTeam "C.E. Nantes"]

1. e4 c5 2. Nf3 d6 3. d4 cxd4 4. Nxd4 Nf6 5. Nc3 Nc6 6. Be2 g6 7. O-O Nxd4 8.
Qxd4 Bg7 9. Qd2 O-O 10. Bf3 Nd7 11. g3 Ne5 12. Bg2 Nc4 13. Qd3 Be6 14. Rd1 Rc8
15. Rb1 Na3 16. Ra1 Qa5 17. Bd2 Nc4 18. Nd5 Qd8 19. Bc3 Ne5 20. Bxe5 Bxe5 21.
c3 Qd7 22. Qe3 b5 23. Rac1 Rfe8 24. b3 Rc5 25. Nf4 Bxf4 26. Qxf4 Rec8 27. Rd3
R8c7 28. Qe3 Qc8 29. Kh1 Qa6 30. Qd2 Qb6 31. Kg1 a5 32. Bf3 a4 33. Qb2 axb3 34.
axb3 b4 35. c4 Ra5 36. Ra1 Rca7 37. Rxa5 Qxa5 38. Kg2 Qa2 39. Rd2 Qa1 40. Qxa1
Rxa1 41. Rd3 Rb1 42. Bd1 f5 43. Bf3 Kg7 44. Re3 Kf6 45. h3 h5 46. exf5 Bxf5 47.
Bc6 Rc1 48. Ba4 Rc3 49. Rf3 Ke5 50. Re3+ Rxe3 51. fxe3 Ke4 52. h4 Kxe3 0-1

[Event "Interclubs Adultes"]
[Site "CLICHY"]
[Date "15.??.??"]
[Round "8.1"]
[White "Le Roux, Jean-Pierre"]
[Black "Gharamian, Tigran"]
[Result "1/2-1/2"]
[WhiteElo "2491"]
[BlackElo "2558"]
[PlyCount "57"]
[EventDate "15.??.??"]
[WhiteTeam "Guingamp"]
[BlackTeam "Cappelle la Grande"]

1. d4 Nf6 2. Nf3 e6 3. c4 c5 4. g3 cxd4 5. Nxd4 Qc7 6. Nc3 a6 7. Bg5 b6 8. Bg2
Bb7 9. e4 Be7 10. O-O h6 11. Bxf6 Bxf6 12. Ndb5 axb5 13. Nxb5 Qe5 14. Nd6+ Ke7
15. Nxb7 Ra7 16. Kh1 Rxb7 17. f4 Qd4 18. e5 Qxd1 19. Rfxd1 Rc7 20. exf6+ Kxf6
21. b3 Ke7 22. Kg1 Nc6 23. Rd2 Ra8 24. Kf2 Ra3 25. Bxc6 dxc6 26. Ke3 Rca7 27.
Rb2 Rd7 28. Rd2 Rda7 29. Rb2 1/2-1/2